000 00531nam a2200181Ia 4500
005 20250508161651.0
008 008 250505s9999 xx 000 0 eng d
037 _aTextual
040 _aFEDL
_beng
_cFEDL
041 _aeng
_2eng
084 _a574.5, LEW
_qFEDL
100 _aLevins Richard
245 0 _aEvolution in changing environments : Some theoretical explorations
260 _aPrinceton
_bPrinceton University Press
_c1968
300 _a120p.
942 _cTEXL
_h574.5, LEW
999 _c1371442
_d1371442